[Event "Politiken Cup"]
[Site "Helsingor DEN"]
[Date "2011.07.30"]
[Round "1.36"]
[White "Lund,E"]
[Black "Nielsen,KaiG"]
[Result "1-0"]
[WhiteElo "2388"]
[BlackElo "1890"]

1.d4 Nf6 2.c4 e6 3.Nc3 Bb4 4.f3 c5 5.d5 d6 6.e4 e5 7.Bd3 Nbd7 8.Ne2 h6 9.a3 Bxc3+
10.Nxc3 a6 11.Qe2 O-O 12.Bd2 Rb8 13.a4 Nh7 14.Nd1 Ndf6 15.g3 Ne8 16.Ne3 Qf6
17.h4 Qg6 18.g4 f6 19.Kf2 Qf7 20.Nf5 Bxf5 21.exf5 Nc7 22.a5 Rfe8 23.Rhg1 Qe7
24.Rg2 Kh8 25.g5 fxg5 26.hxg5 Nxg5 27.Bxg5 hxg5 28.Rag1 Rf8 29.Rxg5 Rf7 30.Qe4 Ne8
31.Qh4+ Kg8 32.Rh1 Rf6 33.Qh8+ Kf7 34.Qh5+ Kf8 35.Qg4 Qf7 36.Rh8+ Ke7 37.Rxe8+ Qxe8
38.Rxg7+ Rf7 39.f6+ Kd8 40.Bg6 Rxg7 41.fxg7  1-0

[Event "29th World Junior Girls"]
[Site "Chennai IND"]
[Date "2011.08.02"]
[Round "1.1"]
[White "Paikidze,N"]
[Black "Gevorgyan,M"]
[Result "1-0"]
[WhiteElo "2416"]
[BlackElo "2068"]

1.d4 Nf6 2.c4 e6 3.Nc3 Bb4 4.f3 c5 5.d5 d6 6.e4 O-O 7.Bd3 Re8 8.Ne2 exd5
9.cxd5 Nbd7 10.O-O Ne5 11.Bc2 h6 12.f4 Ng6 13.h3 Bd7 14.a4 a6 15.Ng3 c4 16.Be3 Rc8
17.Bd4 Bc5 18.Bxc5 Rxc5 19.Qd4 Qc7 20.Rae1 b5 21.axb5 axb5 22.e5 dxe5 23.fxe5 b4
24.d6 Qa5 25.Ra1 Qb6 26.exf6 bxc3 27.bxc3 Nf8 28.Rfb1 Qc6 29.Ba4 Qc8 30.Bxd7 Nxd7
31.Ra7 Rce5 32.Rbb7 Re1+ 33.Kh2  1-0

[Event "98th ch-GBR"]
[Site "Sheffield ENG"]
[Date "2011.08.02"]
[Round "8.17"]
[White "Shaw,P"]
[Black "Webb,L"]
[Result "1/2-1/2"]
[WhiteElo "2162"]
[BlackElo "2306"]

1.d4 Nf6 2.c4 e6 3.Nc3 Bb4 4.f3 d5 5.a3 Be7 6.e4 dxe4 7.fxe4 e5 8.d5 a5 9.Nf3 Nbd7
10.Bd3 O-O 11.O-O Re8 12.Rb1 Nf8 13.b4 axb4 14.axb4 Ng6 15.c5 b6 16.cxb6 cxb6
17.Kh1 Bd7 18.Be3 Rf8 19.Qb3 Ne8 20.Ra1 Rxa1 21.Rxa1 Qb8 22.Ra6 Bd8 23.Qa3 Nd6
24.Ra8 Qc7 25.Ra7 Nb7 26.Bb5 Bxb5 27.Nxb5 Qc4 28.Rxb7 Qxb5 29.h3 Qf1+ 30.Kh2 Nh4
31.Nxh4 Bxh4 32.Qc3 Qe2 33.Rxb6 Be1 34.Qc1 h5 35.Rc6 h4 36.Rc8 g6 37.d6 Rxc8
38.Qxc8+ Kg7 39.Qc5 Qf1 40.Bg1 Qf4+ 41.Kh1 Qxe4 42.d7 Bxb4 43.Qxb4 Qxb4 44.d8=Q Qf4
45.Qd3 g5 46.Qe3 Qf5 47.Bf2 f6 48.Be1 Kg6 49.Kh2 Qb1 50.Ba5 Qf5 51.Bd2 Qc2
52.Bc1 Kg7 53.Ba3 Kg6 54.Qf3 Qc7 55.Qe4+ f5 56.Qd5 e4+ 57.Kh1 Qf7 58.Qxf7+ Kxf7
59.Kg1 f4 60.Kf2 Kg6 61.Be7 Kf5 62.Bd8 Kg6 63.Ke2 Kf5 64.Kd2 Kg6 65.Kc3 Kf5
66.Kd4 f3 67.gxf3 exf3 68.Ke3 g4 69.hxg4+ Kxg4 70.Bxh4 Kxh4 71.Kxf3  1/2-1/2

[Event "50th World Juniors"]
[Site "Chennai IND"]
[Date "2011.08.03"]
[Round "2.13"]
[White "Grover,S"]
[Black "Kunal,M"]
[Result "1-0"]
[WhiteElo "2496"]
[BlackElo "2298"]

1.d4 Nf6 2.c4 e6 3.Nc3 Bb4 4.f3 d5 5.a3 Bxc3+ 6.bxc3 c5 7.cxd5 exd5 8.e3 Qc7
9.Ne2 Bf5 10.g4 Be6 11.Kf2 Nc6 12.Ng3 h5 13.h3 hxg4 14.hxg4 Rxh1 15.Nxh1 Qh2+
16.Bg2 Qh4+ 17.Kf1 O-O-O 18.Qe1 Qh7 19.Qe2 Nd7 20.Ng3 f5 21.gxf5 Bxf5 22.Nxf5 Qxf5
23.Ra2 g5 24.Kg1 Rg8 25.e4 Qe6 26.Be3 cxd4 27.cxd4 Nf6 28.e5 Nh5 29.Qd3 Nf4
30.Qh7 g4 31.Rb2 Ne7 32.Qc2+ Nc6 33.Qh7 Ne7 34.Qc2+ Nc6 35.Qb3 Nh3+ 36.Kf1 Rg7
37.f4 Qf5 38.Qc2 Rg5 39.Bxd5 Nxf4 40.Qxf5+ Rxf5 41.Be4 Rf8 42.Rf2 Ne6 43.d5  1-0

[Event "50th World Juniors"]
[Site "Chennai IND"]
[Date "2011.08.06"]
[Round "5.34"]
[White "Krishna,CRG"]
[Black "Prince,Ba"]
[Result "1/2-1/2"]
[WhiteElo "2330"]
[BlackElo "2146"]

1.d4 Nf6 2.c4 e6 3.Nc3 Bb4 4.f3 d5 5.a3 Bxc3+ 6.bxc3 c5 7.cxd5 Nxd5 8.dxc5 Qa5
9.e4 Ne7 10.Be3 O-O 11.Qb3 Qc7 12.Bb5 Nec6 13.Ne2 Na5 14.Qb4 e5 15.O-O Na6
16.Bxa6 bxa6 17.c6 Be6 18.Rfd1 Rab8 19.Qd6 Qxd6 20.Rxd6 Nc4 21.Bc5 Rfc8 22.Rdd1 Rxc6
23.Bxa7 Rbc8 24.a4 R6c7 25.Bf2 Rb7 26.Nc1 Nb2 27.Rd6 Rd7 28.Rxd7 Bxd7 29.a5 Rxc3
30.Rb1 Rc8 31.Nb3 Nd3 32.Rd1 Bb5 33.Nc5  1/2-1/2

[Event "37th Badalona Open A"]
[Site "Badalona ESP"]
[Date "2011.08.07"]
[Round "7"]
[White "Cruz,Jon"]
[Black "Solleveld,Maa"]
[Result "0-1"]
[WhiteElo "2406"]
[BlackElo "2497"]

1.d4 Nf6 2.c4 e6 3.Nc3 Bb4 4.f3 d5 5.a3 Bxc3+ 6.bxc3 c5 7.cxd5 Nxd5 8.dxc5 f5
9.e4 fxe4 10.Qc2 e3 11.Bd3 Nd7 12.c4 Qa5+ 13.Kf1 N5f6 14.Bxe3 Nxc5 15.Bd4 Nxd3
16.Qxd3 O-O 17.Re1 b6 18.Bxf6 Rxf6 19.Qd8+ Rf8 20.Qd6 Ba6 21.Qxe6+ Kh8 22.Re3 Qd2
23.Re4 Rae8 24.Qc6 Rxe4 25.Qxe4 Rc8 26.Qe5 Bxc4+ 27.Ne2  0-1

[Event "Baku Open A"]
[Site "Baku AZE"]
[Date "2011.08.08"]
[Round "3"]
[White "Volkov,Sergey1"]
[Black "Bruzon Batista,L"]
[Result "0-1"]
[WhiteElo "2607"]
[BlackElo "2673"]

1.d4 Nf6 2.c4 e6 3.Nc3 Bb4 4.f3 d5 5.a3 Bxc3+ 6.bxc3 c5 7.cxd5 Nxd5 8.dxc5 Qa5
9.e4 Nf6 10.Be3 O-O 11.Rb1 Nfd7 12.Kf2 Rd8 13.Qb3 Qc7 14.Rd1 Rf8 15.Qb5 b6
16.cxb6 axb6 17.Qb2 Nc5 18.Bb5 Bd7 19.c4 Bxb5 20.cxb5 Nbd7 21.Bd4 e5 22.Be3 f5
23.Qa2+ Kh8 24.exf5 e4 25.g4 Ne5 26.Rd4 Rae8 27.Qe2 Qe7 28.fxe4 Qb7 29.Bd2 Ned3+
30.Kg2 Rxe4 31.Rxe4 Re8 32.Kf1 Rxe4 33.Qg2 Ne5 34.Nh3 Nc4 35.Ng5 Rxg4 36.Qxg4 Qxh1+
37.Kf2 Qxh2+ 38.Kf1 Nxd2+ 39.Ke1 Nd3+ 40.Kd1 Nf2+  0-1

[Event "8th Ostroda IM"]
[Site "Ostroda POL"]
[Date "2011.08.08"]
[Round "5.1"]
[White "Posedaru,B"]
[Black "Gajek,R"]
[Result "0-1"]
[WhiteElo "2354"]
[BlackElo "2054"]

1.d4 Nf6 2.c4 e6 3.Nc3 Bb4 4.f3 O-O 5.a3 Bxc3+ 6.bxc3 Ne8 7.c5 f5 8.Nh3 b6
9.cxb6 axb6 10.e3 Ba6 11.Bxa6 Nxa6 12.O-O Nd6 13.Qe2 c5 14.a4 Qc7 15.Nf4 cxd4
16.cxd4 Rfc8 17.Ba3 Nc4 18.Rfc1 Qc6 19.Nd3 Qb7 20.Be7 d5 21.Bh4 Nc7 22.Bg3 Ne8
23.Rab1 Qd7 24.Nb2 Na3 25.Ra1 Rxc1+ 26.Rxc1 Rc8 27.Qe1 Rxc1 28.Qxc1 Nd6 29.Bxd6 Qxd6
30.Qc8+ Kf7 31.Nd3 Nc4 32.e4 dxe4 33.Qxc4 exd3 34.Qxd3 Qc6 35.Qb1 Qc3 36.Qd1 Ke7
37.h3 Kd6 38.Kh2 Kd5 39.Qe2 Qxd4 40.Qb5+ Qc5 41.Qb3+ Kd6 42.f4 Qd4 43.Kg3 e5
44.fxe5+ Qxe5+ 45.Kf2 Qd4+ 46.Kf1 Ke5 47.Qf7 Kf4 48.Qc7+ Ke3 49.Qg3+ Kd2
50.Qe1+ Kc2 51.Qe2+ Kc1 52.Qb5 g6 53.Qc6+ Kd2 54.Qe6 Qf4+  0-1

[Event "29th World Junior Girls"]
[Site "Chennai IND"]
[Date "2011.08.09"]
[Round "7.5"]
[White "Paikidze,N"]
[Black "Vo Thi Kim Phung"]
[Result "1-0"]
[WhiteElo "2416"]
[BlackElo "2141"]

1.d4 Nf6 2.c4 e6 3.Nc3 Bb4 4.f3 c5 5.d5 d6 6.e4 exd5 7.cxd5 O-O 8.Ne2 Nbd7
9.Ng3 Ne5 10.Be2 Re8 11.O-O Bd7 12.a4 a6 13.Bd2 Rc8 14.f4 Ng6 15.Qc2 Qb6
16.Kh1 c4 17.Be1 Bg4 18.Bxg4 Nxg4 19.Nf5 Ne3 20.Nxe3 Qxe3 21.Rf3 Qb6 22.Bg3 Bxc3
23.Rxc3 Qb4 24.a5 Qb5 25.Rd1 f6 26.h3 Re7 27.Rc1 Qxa5 28.Rxc4 Rce8 29.Rc8 Kf7
30.Rxe8 Rxe8 31.Qc4 Re7 32.h4 Qd2 33.e5 Kf8 34.exd6 Re8 35.h5 Nh8 36.d7 Rd8
37.Qc5+ Kf7 38.Re1 Rxd7 39.Qc8 Re7 40.Rxe7+ Kxe7 41.Qxb7+ Kf8 42.Qb8+ Kf7
43.Qc7+ Kf8 44.Qc5+ Kf7 45.d6 h6 46.Kh2 Qd1 47.Qc4+ Kf8 48.Qc8+ Kf7 49.Qd7+ Kf8
50.Qe7+ Kg8 51.Qe8+ Kh7 52.d7  1-0

[Event "Baku Open A"]
[Site "Baku AZE"]
[Date "2011.08.10"]
[Round "5"]
[White "Volkov,Sergey1"]
[Black "Vallejo Pons,F"]
[Result "1/2-1/2"]
[WhiteElo "2607"]
[BlackElo "2724"]

1.d4 Nf6 2.c4 e6 3.Nc3 Bb4 4.f3 c5 5.d5 b5 6.e4 O-O 7.Ne2 bxc4 8.Bg5 h6 9.Bh4 d6
10.dxe6 Bxe6 11.Nf4 g5 12.Nxe6 fxe6 13.Bf2 d5 14.Qc2 Nbd7 15.exd5 exd5 16.O-O-O Bxc3
17.Qxc3 Rb8 18.h4 g4 19.Be3 Rf7  1/2-1/2

[Event "8th Ostroda IM"]
[Site "Ostroda POL"]
[Date "2011.08.10"]
[Round "8.4"]
[White "Posedaru,B"]
[Black "Shkapenko,P"]
[Result "0-1"]
[WhiteElo "2354"]
[BlackElo "2413"]

1.d4 Nf6 2.c4 e6 3.Nc3 Bb4 4.f3 c5 5.a3 Bxc3+ 6.bxc3 Nc6 7.e4 O-O 8.Be3 Qa5
9.Qd2 d5 10.e5 Nd7 11.cxd5 exd5 12.Bd3 Nb6 13.Ne2 cxd4 14.cxd4 Qxd2+ 15.Bxd2 f6
16.f4 Bg4 17.Be3 fxe5 18.dxe5 Nc4 19.Bxc4 dxc4 20.h3 Bf5 21.O-O-O Bd3 22.Nc3 b5
23.g3 Rfb8 24.Bc5 a5 25.Bd6 b4 26.Na4 Rb5 27.Nb2 bxa3 28.Nxd3 cxd3 29.Bxa3 Rb3
30.Bd6 a4 31.Kd2 a3 32.Ke3 a2 33.e6 Na5 34.Rc1 d2+ 35.Kxd2 Rb6 36.Bc5 Nb3+  0-1

[Event "Sakkozo Magyarok World Meeting"]
[Site "Lakitelek HUN"]
[Date "2011.08.11"]
[Round "7.14"]
[White "Sebensky,M"]
[Black "Csuri,S"]
[Result "1/2-1/2"]
[WhiteElo "1907"]
[BlackElo "2043"]

1.d4 Nf6 2.c4 e6 3.Nc3 Bb4 4.f3 c5 5.e3 O-O 6.Bd3 d5 7.a3 cxd4 8.exd4 Bxc3+
9.bxc3 dxc4 10.Bxc4 Nd5 11.Qd3 Nc6 12.Ne2 a6 13.O-O b5 14.Bb3 Nce7 15.Bd2 Nb6
16.Bg5 h6 17.Bc2 f5 18.Bh4 Qe8 19.Bxe7 Qxe7 20.Nf4 Qf7 21.Bb3 g5 22.Nh3 Bb7
23.a4 Nxa4 24.Bxa4 bxa4 25.Rxa4 Rfd8 26.Qe3 Bc6 27.Ra5 Bb5 28.Rc1 Rac8 29.Nf2 Qf6
30.Raa1 f4 31.Qe1 Bc4 32.Ng4 Qg7 33.Ra4 Bb5 34.Qxe6+ Kh7 35.Qf5+ Kh8 36.Raa1 Bd7
37.Qe5 Bxg4 38.Qxg7+ Kxg7 39.fxg4 Rc6 40.Kf2 Rdc8 41.Ra3 Rd6 42.Rb1 Rdc6
43.Rbb3 Rd6 44.Ke2 Re6+ 45.Kf2 Rd6 46.Rb7+ Kg6 47.Ra7 Rcc6 48.Ke2 Re6+ 49.Kd2 Rb6
50.Kd3 Re3+ 51.Kc4 Rc6+ 52.Kb4 Re2 53.R7xa6 Rb2+ 54.Ka5 Rxa6+ 55.Kxa6 Rxg2
56.c4 Rxg4 57.Rf3 Kf5 58.c5 Ke4 59.c6 Rg1 60.Rc3 Ra1+ 61.Kb6 Kxd4 62.Kb7 Rb1+
63.Ka7 Re1 64.Rh3 Re7+ 65.Kb8 g4 66.Rxh6 Ke3 67.c7 Rxc7 68.Kxc7 f3 69.Kd6 f2
70.Rf6 Ke2 71.Kd5 f1=Q 72.Rxf1 Kxf1 73.Ke4 Kg2 74.Kf4 Kxh2 75.Kxg4  1/2-1/2

[Event "XX TCh-MKD"]
[Site "Struga MKD"]
[Date "2011.08.11"]
[Round "4"]
[White "Jacimovic,D"]
[Black "Gjorgjieski,D"]
[Result "1-0"]
[WhiteElo "2443"]
[BlackElo "2237"]

1.d4 Nf6 2.c4 e6 3.Nc3 Bb4 4.f3 d5 5.a3 Bxc3+ 6.bxc3 h6 7.e3 O-O 8.cxd5 exd5
9.Bd3 c5 10.Ne2 Nc6 11.O-O Re8 12.Re1 b6 13.Ng3 Be6 14.Bb2 Rc8 15.Bb5 Bd7
16.e4 cxd4 17.cxd4 Na5 18.Ba6 Rc7 19.e5 Nh7 20.Bd3 Nc4 21.Bc1 Qh4 22.Nf5 Bxf5
23.Bxf5 Nf8 24.g3 Qh5 25.Bg4 Qg6 26.f4 f5 27.Bh5 Qc6 28.Bxe8 Qxe8 29.Qd3 Nd6
30.Be3 Ne4 31.Rac1 Rd7 32.Qb5 Ne6 33.Rc2 Qf7 34.Rc8+ Kh7 35.Rec1 g5 36.Qc6 gxf4
37.Bxf4 Nxf4 38.Rh8+  1-0

[Event "29th World Junior Girls"]
[Site "Chennai IND"]
[Date "2011.08.12"]
[Round "10.7"]
[White "Paikidze,N"]
[Black "Kazimova,N"]
[Result "1-0"]
[WhiteElo "2416"]
[BlackElo "2292"]

1.d4 Nf6 2.c4 e6 3.Nc3 Bb4 4.f3 O-O 5.a3 Bxc3+ 6.bxc3 d5 7.cxd5 exd5 8.e3 c5
9.Bd3 b6 10.Ne2 Bb7 11.O-O Nc6 12.Ng3 Rc8 13.Ra2 cxd4 14.cxd4 Na5 15.Raf2 Re8
16.Kh1 Rc7 17.Re2 Bc8 18.Nf5 g6 19.Nh6+ Kg7 20.e4 dxe4 21.fxe4 Rxc1 22.Qxc1 Qxd4
23.e5 Rxe5 24.Rxe5 Qxe5 25.Qxc8 Kxh6 26.Qf8+ Kg5 27.Qg7  1-0

[Event "29th World Junior Girls"]
[Site "Chennai IND"]
[Date "2011.08.14"]
[Round "12.3"]
[White "Paikidze,N"]
[Black "Dogodkina,J"]
[Result "1-0"]
[WhiteElo "2416"]
[BlackElo "2193"]

1.d4 Nf6 2.c4 e6 3.Nc3 Bb4 4.f3 c5 5.d5 O-O 6.e4 d6 7.Ne2 b5 8.Ng3 Bb7 9.Bf4 bxc4
10.dxe6 d5 11.exf7+ Rxf7 12.exd5 Nxd5 13.Bd2 Qe8+ 14.Be2 Rd7 15.Qc1 Nc6 16.O-O Ne5
17.Nce4 Nd3 18.Qxc4 Nxb2 19.Qc2 Qe5 20.Bxb4 Qd4+ 21.Kh1 cxb4 22.Rfb1 Nc3
23.Rxb2 a5 24.Nxc3 Qxc3 25.Qxc3 bxc3 26.Rc2  1-0

[Event "Botvinnik 100th Open"]
[Site "St Petersburg RUS"]
[Date "2011.08.14"]
[Round "3"]
[White "Elkin,L"]
[Black "Zheleznaykov,P"]
[Result "1-0"]
[WhiteElo "2159"]
[BlackElo "1962"]

1.d4 Nf6 2.c4 e6 3.Nc3 Bb4 4.f3 d5 5.a3 Bxc3+ 6.bxc3 c6 7.cxd5 cxd5 8.Bg5 h6
9.Bh4 Qa5 10.Qd2 Nbd7 11.e3 O-O 12.Bd3 b6 13.Ne2 Ba6 14.O-O Rac8 15.e4 Bxd3
16.Qxd3 Rc4 17.e5 Nh7 18.f4 Re8 19.Rf3 Ra4 20.Raf1 Qa6 21.Qe3 Rxa3 22.f5 Ra1
23.Nc1 Qa3 24.f6 g5 25.Bf2 b5 26.h4 b4 27.hxg5 b3 28.g6 Ng5 29.Bh4 b2 30.Bxg5 b1=Q
31.g7 hxg5 32.Rh3  1-0

[Event "4th Sabadell Open A"]
[Site "Sabadell ESP"]
[Date "2011.08.15"]
[Round "6"]
[White "Moskalenko,V1"]
[Black "Iturrizaga,E"]
[Result "1/2-1/2"]
[WhiteElo "2591"]
[BlackElo "2603"]

1.d4 Nf6 2.c4 e6 3.Nc3 Bb4 4.f3 d5 5.a3 Bxc3+ 6.bxc3 c6 7.e3 b6 8.Bd3 Ba6
9.cxd5 Bxd3 10.Qxd3 cxd5 11.Ne2 Nc6 12.e4 Rc8 13.Bg5 h6 14.Bh4 Na5 15.O-O Nc4
16.e5 g5 17.Bg3 Nh5 18.f4 Ng7 19.fxg5 Qxg5 20.Bf4 Qg6 21.Qxg6 fxg6 22.Bc1 g5
23.g4 Rc7 24.Rf6 Rf7 25.h4 gxh4 26.Bxh6 Rxf6 27.Bxg7 Rff8 28.Bxh8 Rxh8 29.Rf1 Rf8
30.Rxf8+ Kxf8 31.a4 a5 32.Kg2 Nb2 33.Kh3 Nxa4 34.Kxh4 Nb2 35.Kg5 Nd3 36.Kf6 a4
37.Kxe6 Ke8 38.g5 a3 39.g6 Kf8 40.Kd7 a2 41.e6 a1=Q 42.e7+ Kg7 43.e8=Q Qa4+
44.Ke7 Qxe8+ 45.Kxe8 b5 46.Kd7  1/2-1/2

[Event "26th Universiade Men"]
[Site "Shenzhen CHN"]
[Date "2011.08.16"]
[Round "3.21"]
[White "Michalik,P"]
[Black "Klaasen,C"]
[Result "1-0"]
[WhiteElo "2505"]
[BlackElo "2068"]

1.d4 Nf6 2.c4 e6 3.Nc3 Bb4 4.f3 c5 5.d5 d6 6.e4 Bxc3+ 7.bxc3 O-O 8.Bd3 Nbd7
9.dxe6 fxe6 10.f4 b6 11.Nf3 Bb7 12.Qe2 Qe8 13.O-O Qh5 14.Bd2 Rae8 15.Rae1 Kh8
16.Bc2 Ba6 17.e5 dxe5 18.fxe5 Ng4 19.h3 Ngxe5 20.Nxe5 Rxf1+ 21.Kxf1 Qxe2+
22.Rxe2 Nxe5 23.Rxe5 Bxc4+ 24.Ke1 Bxa2 25.Re4 Bd5 26.Rh4 h6 27.c4 Bxg2 28.Bxh6 gxh6
29.Rxh6+ Kg7 30.Rg6+ Kf7 31.Rxg2 Rh8 32.Rg3 Rh4 33.Bd3 a6 34.Kd2 b5 35.cxb5 c4
36.Bg6+ Kf6 37.bxa6 Rd4+ 38.Kc1 c3 39.Bd3  1-0

[Event "Botvinnik 100th Open"]
[Site "St Petersburg RUS"]
[Date "2011.08.16"]
[Round "5"]
[White "Nuretdinov,I"]
[Black "Dzhumagaliev,Y"]
[Result "1/2-1/2"]
[WhiteElo "2276"]
[BlackElo "2375"]

1.d4 Nf6 2.c4 e6 3.Nc3 Bb4 4.f3 c5 5.d5 exd5 6.cxd5 d6 7.e4 O-O 8.Bd3 Nh5
9.Qc2 a6 10.g4 Nf6 11.Ne2 b5 12.Ng3 c4 13.Be2 Qb6 14.Kf1 Nbd7 15.g5 Ne8 16.Kg2 Ne5
17.a4 Rb8 18.h4 Bc5 19.axb5 axb5 20.Nd1 Nc7 21.f4 Ng4 22.Nf5 Bxf5 23.exf5 Ne3+
24.Nxe3 Bxe3 25.Bf3 Rfe8 26.f6 Qc5 27.Rd1 Bd4 28.Qd2 Be3 29.Qc2 Bxc1 30.Raxc1 Re3
31.Qf2 Rbe8 32.Rc3 gxf6 33.gxf6 Kh8 34.Rxe3 Rxe3 35.Qg3 Ne8 36.Kh2 Rxf3 37.Qxf3 Nxf6
38.Rg1 h5 39.Rd1 b4 40.f5 c3 41.bxc3 bxc3 42.Kg3 c2 43.Rc1 Qc4 44.Qf4 Qxf4+
45.Kxf4 Nxd5+ 46.Kg5 Nb4 47.Kf6 Kg8 48.Ke7 d5 49.Rg1+ Kh7  1/2-1/2

[Event "10th Lichtenberger Sommer"]
[Site "Berlin GER"]
[Date "2011.08.17"]
[Round "5.39"]
[White "Hoffmann,Pe2"]
[Black "Mertens,Fri"]
[Result "1-0"]
[WhiteElo "2030"]
[BlackElo "1993"]

1.d4 Nf6 2.c4 e6 3.Nc3 Bb4 4.f3 c5 5.d5 Nh5 6.Nh3 Qh4+ 7.Nf2 Qxc4 8.e4 Bxc3+
9.bxc3 Qxc3+ 10.Bd2 Qa3 11.Rc1 b6 12.g4 exd5 13.gxh5 O-O 14.Rg1 Re8 15.Qb3 Qxb3
16.axb3 dxe4 17.Bc3 exf3+ 18.Kd2 g6 19.Ng4 Re6 20.Bc4 d5 21.Bxd5 Re2+ 22.Kd1 Bxg4
23.Rxg4 Nc6 24.Bxf3 Re6 25.hxg6 fxg6 26.Rc2 Rd8+ 27.Rd2 Rxd2+ 28.Kxd2 Rd6+
29.Ke3 Ne7 30.Be5 Nf5+ 31.Kf4 Rd2 32.Rg2 Rd8 33.Bf6 Rd5 34.Be5 Rd8 35.Be2 Kf8
36.Bc4 Ke7 37.Re2 Kf8 38.h4 Rd1 39.h5 Rf1+ 40.Kg5 Rg1+ 41.Kf6 Rd1 42.hxg6 hxg6
43.Rh2  1-0

[Event "XLV Mislata Open A"]
[Site "Mislata ESP"]
[Date "2011.08.17"]
[Round "4"]
[White "Sanchiz Marti,J"]
[Black "Buenafe Moya,J"]
[Result "0-1"]
[WhiteElo "1964"]
[BlackElo "2312"]

1.d4 Nf6 2.c4 e6 3.Nc3 Bb4 4.f3 d5 5.e3 c5 6.a3 Bxc3+ 7.bxc3 Nc6 8.Bd3 e5
9.cxd5 Nxd5 10.Ne2 cxd4 11.cxd4 exd4 12.exd4 Qh4+ 13.g3 Qf6 14.Be4 Be6 15.h4 h6
16.Kf2 O-O-O 17.Qa4 g5 18.Rb1 Qe7 19.Qc2 Kc7 20.Bd2 f5 21.Rxb7+ Kxb7 22.Rb1+ Ncb4
23.Bxb4 Qd7 24.Ba5+ Ka8 25.Bxd5+ Bxd5 26.Bxd8 Rxd8 27.hxg5 hxg5 28.Qc5 Rc8
29.Qb4 g4 30.f4 Qh7 31.Rb2 Bf3 32.Qb5 Qh2+ 33.Ke1 Qh1+ 34.Kd2 Bxe2 35.Kxe2 Qe4+
36.Kd2 Qxd4+ 37.Ke2 Qe4+ 38.Kd1 Qh1+ 39.Kd2 Qg2+ 40.Kd1 Rd8+  0-1

[Event "1st Metropolitan International"]
[Site "Los Angeles USA"]
[Date "2011.08.20"]
[Round "6"]
[White "Kretchetov,A"]
[Black "Kavutskiy,K"]
[Result "0-1"]
[WhiteElo "2340"]
[BlackElo "2225"]

1.d4 Nf6 2.c4 e6 3.Nc3 Bb4 4.f3 c5 5.d5 b5 6.e4 O-O 7.Ne2 bxc4 8.a3 Ba5 9.Nf4 e5
10.Nh3 d6 11.Nf2 Ba6 12.Bd2 Qb6 13.Qc1 Nbd7 14.Be2 Rab8 15.Rb1 Bxc3 16.Bxc3 Qb7
17.O-O Nb6 18.f4 Nfd7 19.Ng4 f5 20.exf5 e4 21.Ne3 Nxd5 22.Nxd5 Qxd5 23.Rd1 Qc6
24.Qd2 Rb6 25.Ba5 c3 26.Bxc3 Bxe2 27.Qxe2 d5 28.b4 Rxf5 29.Rbc1 c4 30.Bd4 Rb8
31.Qe3 Rbf8 32.Bxa7 Rxf4 33.Bd4 Qg6 34.Rf1 Rf3 35.Qe2 Rxa3 36.Rxf8+ Nxf8
37.b5 Ne6 38.Qb2 Rb3 39.Qa1 Qe8 40.b6 Nxd4 41.Qxd4 Qc6 42.Qe5 Rxb6 43.Rd1 Rb5
44.Qe7 Qc5+  0-1

[Event "PK NBSB Open A"]
[Site "Roosendaal NED"]
[Date "2011.08.21"]
[Round "6"]
[White "Van Delft,M"]
[Black "Sprenger,J"]
[Result "1-0"]
[WhiteElo "2401"]
[BlackElo "2515"]

1.d4 Nf6 2.c4 e6 3.Nc3 Bb4 4.f3 d5 5.a3 Bxc3+ 6.bxc3 c5 7.cxd5 Nxd5 8.dxc5 Qa5
9.e4 Ne7 10.Be3 O-O 11.Qb3 Nec6 12.Bb5 a6 13.Bxc6 Nxc6 14.f4 e5 15.f5 g6
16.g4 b5 17.Nf3 Nd4 18.Nxd4 exd4 19.Bxd4 Bb7 20.fxg6 hxg6 21.O-O Bxe4 22.Rae1 Rae8
23.Re3 Qc7 24.Rh3 Re5 25.Re1 Bc2 26.Rxe5 Bxb3 27.Rh8+  1-0

[Event "Brasschaat Open"]
[Site "Brasschaat BEL"]
[Date "2011.08.22"]
[Round "3.4"]
[White "Hajenius,W"]
[Black "Duhayon,Y"]
[Result "0-1"]
[WhiteElo "1988"]
[BlackElo "2239"]

1.d4 Nf6 2.c4 e6 3.Nc3 Bb4 4.f3 d5 5.a3 Bxc3+ 6.bxc3 c5 7.e3 O-O 8.cxd5 Nxd5
9.Qc2 Nc6 10.e4 Nde7 11.dxc5 e5 12.Be3 Be6 13.Ne2 Qa5 14.g3 Rad8 15.Kf2 Kh8
16.Bg2 f5 17.f4 fxe4 18.Bxe4 Nf5 19.Bxf5 Bxf5 20.Qb3 Qa6 21.Rhd1 Bg4 22.Qa2 exf4
23.gxf4 Rde8 24.Rd2 Ne5 25.Rd6 b6 26.Rad1 Nc4 27.R6d3 Nxe3 28.Rxe3 Rxe3 29.Kxe3 Re8+
30.Kf2 Rxe2+ 31.Kg3 Qc8 32.Qc4 Re3+  0-1

[Event "Brasschaat Masters"]
[Site "Brasschaat BEL"]
[Date "2011.08.24"]
[Round "5.3"]
[White "Geirnaert,S"]
[Black "De Schampheleire,G"]
[Result "1-0"]
[WhiteElo "2347"]
[BlackElo "2263"]

1.d4 Nf6 2.c4 e6 3.Nc3 Bb4 4.f3 O-O 5.e4 d5 6.e5 Nh5 7.Ne2 c5 8.a3 cxd4 9.axb4 dxc3
10.bxc3 Nc6 11.f4 f6 12.b5 fxe5 13.bxc6 exf4 14.Ng3 fxg3 15.Qxh5 Rf5 16.Qh3 gxh2
17.Qxh2 Qf6 18.Qxh7+ Kf7 19.Bd2 d4 20.Ra3 e5 21.cxd4 exd4 22.Rf3 bxc6 23.Qh5+ Ke7
24.Rxf5 Qxf5 25.Qh4+ Kf7 26.Qxd4 Rb8 27.Qxa7+ Rb7 28.Qf2  1-0

[Event "1st Isthmia Open"]
[Site "Vrachati GRE"]
[Date "2011.08.25"]
[Round "9.2"]
[White "Volkov,Sergey1"]
[Black "Nikolaidis,I"]
[Result "1/2-1/2"]
[WhiteElo "2607"]
[BlackElo "2545"]

1.c4 Nf6 2.d4 e6 3.Nc3 Bb4 4.f3 O-O 5.a3 Bxc3+ 6.bxc3 Nh5 7.Nh3 f5 8.Bg5 Nf6
9.e4 fxe4 10.fxe4 d6 11.Bd3 e5 12.Nf2 Nc6 13.Be3 b6 14.O-O Qe8 15.c5 dxc5
16.dxc5 Na5 17.c4 Be6 18.cxb6 axb6 19.c5 Nc4 20.Bxc4 Bxc4 21.Re1 b5 22.Qc2 Ra4
23.Qc3 Bf7 24.Bg5 Nd7 25.c6 Nb8 26.Qc5 Bc4 27.Bd2 Nxc6 28.Bc3 Qe6 29.Nd1 Qd6
30.Nb2 Ra6 31.Qxd6 cxd6 32.Nxc4 bxc4 33.Red1 Rd8 34.a4 Kf7 35.a5 Ke6 36.Ra4 d5
37.exd5+ Rxd5 38.Re1 Rd3 39.Rc1 Kd5 40.Kf2 Nd4 41.Bxd4 Rxd4 42.Rc2 h5 43.Ke2 h4
44.Ra3 g5 45.Rb2 Re4+ 46.Kd1 Kc5 47.Raa2 Re3 48.Rf2 Kb4 49.Rfb2+ Kc5 50.Rf2 g4
51.Kd2 Rb3 52.Rf8 h3 53.Rc8+ Kd5 54.Rd8+ Ke4 55.gxh3 Rxh3 56.Ra4 Rxh2+ 57.Kc3 Rhh6
58.Kxc4 g3 59.Kb5+ Kf5 60.Rd3 Rag6 61.Rf3+ Ke6 62.a6 g2 63.a7 Rg8 64.Rg4 Rhh8
65.Rfg3 Rxg4 66.Rxg4 Kf5 67.Rxg2 e4 68.Ra2 Ra8 69.Kb6  1/2-1/2

[Event "23rd Schlosspark-Open"]
[Site "Wiesbaden GER"]
[Date "2011.08.27"]
[Round "4.19"]
[White "Weber,Rainer"]
[Black "Krzesinski,P"]
[Result "1-0"]
[WhiteElo "2174"]
[BlackElo "1832"]

1.d4 Nf6 2.c4 e6 3.Nc3 Bb4 4.f3 Bxc3+ 5.bxc3 d6 6.e4 Nbd7 7.Bd3 e5 8.Ne2 O-O
9.O-O Qe8 10.Ng3 b6 11.Bg5 Bb7 12.Qd2 Qe6 13.d5 Qe8 14.Nf5 Kh8 15.f4 Ng8
16.Rf3 f6 17.Bh4 Ne7 18.Nxe7 Qxe7 19.f5 Qe8 20.Qe2 Nc5 21.Bc2 Ba6 22.g4 Rb8
23.Rg3 h6 24.Rh3 Kg8 25.Bf2 Kf7 26.Be3 Rh8 27.Rg3 Ke7 28.h4 Rh7 29.Kf2 Qf7
30.a4 Nb7 31.Bd3 Rc8 32.c5 Bxd3 33.Qxd3 dxc5 34.Qa6 Nd6 35.Kf3 Rhh8 36.Qxa7 Kd7
37.Qa6 c4 38.Bxb6 cxb6 39.Qxb6 Rc7 40.Rb1 Ra8 41.a5 Qe7 42.a6 Ke8 43.g5 hxg5
44.hxg5 fxg5 45.Rh1 Nf7 46.d6  1-0

[Event "23rd Schlosspark-Open"]
[Site "Wiesbaden GER"]
[Date "2011.08.28"]
[Round "6.21"]
[White "Weber,Rainer"]
[Black "Matzies,A"]
[Result "1-0"]
[WhiteElo "2174"]
[BlackElo "1982"]

1.d4 Nf6 2.c4 e6 3.Nc3 Bb4 4.f3 d5 5.Bg5 c6 6.e3 Nbd7 7.cxd5 exd5 8.Bd3 O-O
9.Ne2 Re8 10.Qd2 h6 11.Bh4 Qe7 12.Bf2 Nb6 13.O-O Be6 14.a3 Bd6 15.e4 dxe4
16.fxe4 Ng4 17.e5 Bc7 18.Bg3 h5 19.h3 Nh6 20.Bf4 Qf8 21.Ng3 h4 22.Nh5 Nf5
23.Bg5 Nxd4 24.Nf6+ Kh8 25.Qf4  1-0

[Event "10th Sunny Beach Open"]
[Site "Sunny Beach BUL"]
[Date "2011.09.01"]
[Round "6.23"]
[White "Yakimenko,Alex"]
[Black "Stojcevski,Z"]
[Result "1-0"]
[WhiteElo "2178"]
[BlackElo "2352"]

1.d4 Nf6 2.c4 e6 3.Nc3 Bb4 4.f3 d5 5.a3 Be7 6.e4 dxe4 7.fxe4 e5 8.d5 Bc5
9.Nf3 O-O 10.Bg5 h6 11.Bh4 Bg4 12.Bd3 Nbd7 13.h3 Bxf3 14.Qxf3 c6 15.O-O-O Bd4
16.Ne2 Qb6 17.Nxd4 exd4 18.Bxf6 Nxf6 19.e5 cxd5 20.exf6 dxc4 21.fxg7 Rfc8
22.Bf5 c3 23.Qf2 cxb2+ 24.Kb1 Rc3 25.Rd3 Qa5 26.Rf1 Qxa3 27.Bh7+ Kxh7 28.Qf5+ Kxg7
29.Qxf7+ Kh8 30.Qf6+ Kh7 31.Qf5+ Kg7 32.Qg4+ Kh8 33.Qxd4+ Kg8 34.Qg4+ Kh8
35.Qd4+ Kg8 36.Qd5+ Kh8 37.Qe5+ Kg8 38.Qe6+ Kh8 39.Qxh6+ Kg8 40.Qg6+ Kh8
41.Qf6+ Kg8 42.Rd8+ Rxd8 43.Qxd8+ Kg7 44.Qg5+ Kh8 45.Qh6+ Kg8 46.Qg6+ Kh8
47.Qe8+  1-0

[Event "2nd Manaus Open"]
[Site "Manaus BRA"]
[Date "2011.09.03"]
[Round "2"]
[White "Lima,Da"]
[Black "Ferreira,Jos"]
[Result "1-0"]
[WhiteElo "2497"]
[BlackElo "1937"]

1.d4 Nf6 2.c4 e6 3.Nc3 Bb4 4.f3 O-O 5.e4 d5 6.e5 Nfd7 7.f4 c5 8.cxd5 exd5
9.Nf3 Nc6 10.a3 Bxc3+ 11.bxc3 b6 12.Bd3 g6 13.O-O Ne7 14.f5 gxf5 15.Qd2 f6
16.e6 Nb8 17.Re1 Qe8 18.Nh4 Qh5 19.Qf2 Kh8 20.Nxf5 Nbc6 21.Bh6  1-0

[Event "Paignton Ron Bruce Premier"]
[Site "Paignton ENG"]
[Date "2011.09.04"]
[Round "1"]
[White "Cutmore,D"]
[Black "Berry,S"]
[Result "0-1"]
[WhiteElo "2055"]
[BlackElo "2320"]

1.d4 Nf6 2.c4 e6 3.Nc3 Bb4 4.f3 d5 5.a3 Be7 6.e4 dxe4 7.fxe4 e5 8.d5 Bc5
9.Be2 Ng4 10.Bxg4 Qh4+ 11.g3 Qxg4 12.Qxg4 Bxg4 13.Nb5 Na6 14.b4 Be7 15.Be3 O-O
16.Ra2 Bh5 17.h3 Bg6 18.Nc3 c5 19.b5 Nb8 20.Nf3 Nd7 21.g4 Bd8 22.Re2 Ba5
23.Bd2 a6 24.bxa6 bxa6 25.O-O Rab8 26.Nd1 Bxd2 27.Nxd2 f6 28.Rf3 Rb7 29.Kg2 Rfb8
30.Rg3 Nb6 31.Rb3 Be8 32.Nb2 Nxd5 33.Rxb7 Rxb7 34.Nd3 Nc3 35.Re3 Na4 36.Nc1 Kf8
37.Rd3 Ke7 38.Kf3 Bf7 39.Rb3 Rxb3+ 40.Ncxb3 Kd6 41.Na5 Kc7  0-1